000 00413nam a2200145 4500
001 116699
003 ES-MaACL
007 t|
008 061121m19311934fr r ||||1| fre d
100 1 _aPascal, Paul.
_989314
245 1 0 _aTraité de chimie minérale /
_cPaul Pascal.
260 _aParis :
_bMasson et Cie.,
_c1931-1934.
300 _a12 t. en 13 v. :
_bil ;
_c27 cm.
852 _aES-MaACL
_jB-9785-97
_bR.19273
999 _c116699
_d116699